000 00479nam a2200193Ia 4500
005 20250603145440.0
008 250603s9999 xx 000 0 und d
020 _a9780323036641
050 _aRT 48.6 .A25/
100 _aAckley, Betty J.
245 0 _aNursing diagnosis handbook
250 _a7th ed.
260 _aSt. Louis, MO
260 _bMosby, Inc., and affiliate of Elsevier Inc
260 _c2006
300 _a1353 p
650 _aSt. Louis, MO
942 _cBK
999 _c41892
_d41892